|
|
|
|
| LEADER |
01299nam a2200277 a 4500 |
| 001 |
515850 |
| 008 |
090713s1986 enkc b 001 0 eng d |
| 010 |
|
|
|a 86008478
|
| 020 |
|
|
|a 0198185642 :
|c $32.50 (U.S.)
|
| 040 |
|
|
|a DLC
|c DLC
|d DLC
|
| 082 |
0 |
0 |
|a 820/.9/008
|2 19
|
| 100 |
1 |
|
|a Woodfield, Malcolm.
|
| 245 |
1 |
0 |
|a R.H. Hutton, critic and theologian :
|b the writings of R.H. Hutton on Newman, Arnold, Tennyson, Wordsworth, and George Eliot /
|c Malcolm Woodfield.
|
| 260 |
|
|
|a Oxford [Oxfordshire] :
|b Clarendon Press ;
|a New York :
|b Oxford University Press,
|c 1986.
|
| 300 |
|
|
|a x, 225 p. :
|b port. ;
|c 23 cm.
|
| 504 |
|
|
|a Bibliography: p. [199]-225 and index.
|
| 541 |
1 |
|
|e 00011997
|
| 600 |
1 |
0 |
|a Hutton, Richard Holt,
|d 1826-1897.
|
| 650 |
|
0 |
|a Criticism
|z Great Britain
|x History
|y 19th century.
|
| 650 |
|
0 |
|a English literature
|y 19th century
|x History and criticism.
|
| 650 |
|
0 |
|a Religion and literature
|z Great Britain
|x History
|y 19th century.
|
| 650 |
|
0 |
|a Theology in literature.
|
| 700 |
1 |
|
|a Hutton, Richard Holt,
|d 1826-1897.
|
| 852 |
4 |
|
|a Ayesha Abed Library
|j General Shelf.
|
| 999 |
|
|
|c 2321
|d 2321
|
| 952 |
|
|
|0 0
|1 0
|2 ddc
|4 1
|6 820_900800000000000_WOO
|7 0
|9 2145
|a BRACUL
|b BRACUL
|c SPS
|d 2009-07-13
|g 0.00
|l 0
|o 820.9008 WOO
|p 3010011997
|r 2009-07-13
|t 1
|w 2009-07-13
|y BK
|x No price found in the accession register.
|